Carta abierta al excmo. señor Delegado Apostólico D. Leopoldo Ruíz y Flores

Síntesis: Carta que contiene varias preguntas dirigidas al Arz. Ruíz y Flores, así como una crítica a sus acciones, ya que "Defiende más al gobierno que a la iglesia"

Guardado en:
Detalles Bibliográficos
Autor principal: Gutiérrez, José (autor)
Formato: Libro
Colección:1929, 1926, 1932, 1927, 1928
Temas:
Etiquetas: Agrega una etiqueta
Sin etiquetas, Sé el primero en etiquetar este registro!

MARC

LEADER 00000nam^a2200000^a^4500
001 000249312
005 20250526000000.0
009 20260310105722.947
035 |a R00173 
037 |a Acervo Xavier Clavigero 
082 |a 11. 12  |b GUT 
100 |a Gutiérrez, José  |e (autor) 
245 1 0 |a Carta abierta al excmo. señor Delegado Apostólico D. Leopoldo Ruíz y Flores 
264 |a lugar de publicación no identificado :  |b Destinatario: Ruiz y Flores, Leopoldo Arz. de Michoacán 
300 |a 1 foja. impreso 16.3 X 23 cm. 
336 |a texto  |b txt  |2 rdacontenido 
337 |a sin mediación  |b n  |2 rdamedio 
338 |a volumen  |b nc  |2 rdasoporte 
440 |a 1929, 1926, 1932, 1927, 1928 
520 |a Síntesis: Carta que contiene varias preguntas dirigidas al Arz. Ruíz y Flores, así como una crítica a sus acciones, ya que "Defiende más al gobierno que a la iglesia" 
598 |a Carta 
598 |a En la biblioteca del ILFC, Guadalajara 
649 |a XX 
650 |a Presión Social 
650 |a * Ruiz y Flores, Leopoldo -  |x Correspondencia, memorias, etc 
650 |a Díaz y Barreto, Pascual 
650 |a * Ontiveros, Raúl C. 
650 |a * Rios, Miguel de Los 
650 |a Fumasoni Biondi, Pietro 
600 |a Calles, Plutarco Elías 
910 |a Fondo Jesús Gómez Fregoso S.J. FXC 
920 |a Impresos - Documentos 
930 |a Libros Antiguos y Raros 
940 |a Guerra Cristera 
905 |a 110 
901 |a R00173  |b IT2  |c LRA  |i R00173  |u 20250526 
902 |a https://opac.biblio.iteso.mx/vufind/Record/000249312